000 00479nam a22001697a 4500
005 20180203121033.0
008 160426b xxu||||| |||| 00| 0 eng d
020 _a9971-51-324-2
041 _aeng
082 _b00183
_a004.22
100 _aEnglander, Irv
_987
245 _aThe Architechture of Camputer Hardware and System Software:
_ban introduction technology approach
250 _a2nd ed.
260 _aNew Delhi
_bJohn Wiley & Sons Inc,
_c2000
300 _a764
942 _cBK
999 _c62
_d62